Zbiorniki wodne na mapie świata - Statystyki

Ogólne statystyki
  • Ten quiz został rozwiązany 4 516 razy
  • Średni wynik to 41 z 140
Odpowiedzi na mapie
Odpowiedzi zakodowano w zielono-czerwonej skali na mapie do tego quizu, zgodnie z poniższymi procentami.
 
Statystyki odpowiedzi
Zbiorniki Wodne % Poprawnych
Ocean Spokojny
93%
Morze Bałtyckie
92%
Ocean Atlantycki
91%
Ocean Indyjski
89%
Morze Czarne
87%
Morze Czerwone
82%
Morze Śródziemne
82%
Morze Północne
80%
Morze Kaspijskie
76%
Ocean Arktyczny
75%
Morze Karaibskie
72%
Zatoka Meksykańska
72%
Jezioro Bajkał
67%
Morze Adriatyckie
66%
Morze Japońskie
66%
Morze Żółte
65%
Jezioro Wiktorii
62%
Kanał Panamski
58%
Morze Egejskie
57%
Kanał Sueski
56%
Morze Norweskie
56%
Zatoka Perska
56%
Cieśnina Gibraltarska
55%
Cieśnina Beringa
54%
Morze Arabskie
54%
Morze Beringa
54%
Morze Białe
51%
Kanał La Manche
50%
Morze Południowochińskie
50%
Zatoka Kalifornijska
48%
Cieśnina Bosfor
46%
Zatoka Fińska
45%
Jezioro Michigan
44%
Morze Jońskie
44%
Ocean Południowy
43%
Zatoka Bengalska
43%
Morze Irlandzkie
41%
Zatoka Hudsona
41%
Morze Koralowe
40%
Zatoka Gwinejska
40%
Morze Azowskie
37%
Jezioro Górne
36%
Jezioro Malawi
36%
Morze Grenlandzkie
35%
Morze Wschodniochińskie
35%
Morze Filipińskie
34%
Zatoka Botnicka
34%
Jezioro Tanganika
33%
Zatoka Biskajska
33%
Cieśnina Hudsona
32%
Jezioro Ładoga
32%
Jezioro Ontario
32%
Morze Barentsa
32%
Morze Marmara
32%
Morze Tasmana
32%
Morze Tyrreńskie
32%
Zatoka Alaska
32%
Jezioro Erie
30%
Cieśnina Magellana
29%
Zatoka Ryska
28%
Jezioro Titicaca
26%
Morze Ochockie
26%
Kanał Mozambicki
25%
Wielkie Jezioro Niedźwiedzie
25%
Dardanele
24%
Jezioro Huron
24%
Jezioro Onega
23%
Morze Jawajskie
23%
Wielkie Jezioro Niewolnicze
23%
Morze Labrador
22%
Wielka Zatoka Australijska
22%
Zatoka Adeńska
22%
Kattegat
21%
Morze Balearskie
21%
Morze Szkockie
21%
Skagerrak
20%
Zatoka Baffina
20%
Cieśnina Duńska
19%
La Plata
18%
Morze Celebes
17%
Morze Liguryjskie
17%
Zatoka Omańska
17%
Cieśnina Malakka
16%
Cieśnina Tajwańska
16%
Jezioro Nikaragua
16%
Morze Andamańskie
16%
Morze Beauforta
16%
Morze Czukockie
16%
Cieśnina Ormuz
15%
Morze Karskie
15%
Morze Timor
15%
Zatoka Tajlandzka
15%
Jezioro Bałchasz
14%
Morze Łaptiewów
14%
Zatoka Świętego Wawrzyńca
14%
Cieśnina Drake'a
13%
Jezioro Winnipeg
13%
Cieśnina Cooka
12%
Cieśnina Kerczeńska
12%
Morze Wschodniosyberyjskie
12%
Morze Lakkadiwskie
11%
Morze Salomona
11%
Zatoka Sueska
11%
Cieśnina Mesyńska
10%
Cieśnina Singapurska
10%
Morze Arafura
10%
Morze Banda
10%
Morze Weddella
10%
Zatoka Akaba
10%
Cieśnina Bassa
9%
Morze Alborańskie
9%
Morze Bismarcka
9%
Morze Rossa
9%
Morze Sulu
9%
Przejście Północno-Zachodnie
9%
Zatoka Wenezuelska
9%
Jezioro Wostok
8%
Morze Balijskie
8%
Morze Flores
8%
Zatoka Karpentaria
8%
Cieśnina Davisa
7%
Morze Amundsena
7%
Zatoka Fundy
7%
Jezioro Athabaska
6%
Kanał Bristolski
6%
Morze Moluckie
6%
Zatoka Jamesa
6%
Zatoka Tonkińska
6%
Cieśnina Makasarska
5%
Morze Lincolna
5%
Morze Sawu
5%
Zatoka Boni
5%
Morze Halmahera
4%
Morze Salish
4%
Morze Seram
4%
Morze (Wewnętrzne) Seto
4%
Zatoka Tomini
4%
Cieśnina Bab-el Mendeb
3%
Morze Bellingshausena
3%
Nie znaleziono quizów pasujących do podanych kryteriów
Rozkład punktacji
Procent ludzi z każdym wynikiem
Percentyl według liczby udzielonych odpowiedzi
Twoja historia wyników
Nie rozwiązałeś tego quizu